Statistics for Chicago Bulls All-Time Roster

Click here to take the quiz!

General Stats

  • This quiz has been taken 277 times
  • The average score is 7 of 12

Answer Stats

Post Player % Correct
SGMichael Jordan
100%
SFScottie Pippen
100%
PGDerrick Rose
97%
BNJoakim Noah
73%
BNJimmy Butler
71%
CArtis Gilmore
68%
BNHorace Grant
57%
PFBob Love
50%
BNLuol Deng
45%
BNJerry Sloan
42%
BNNorm Van Lier
17%
BNReggie Theus
15%

Score Distribution

Percentile by Number Answered

Percent of People with Each Score

Your Score History

You have not taken this quiz